000 01136nmm a2200313 a 4500
001 ocm0002146109
003 TR-IsHL
005 20201028181844.0
008 190119s2017 tu ara
007 cr cn
020 _a9786054535972
035 _a2146109
_b(N$T)
050 0 4 _aPQ2637.A274
_bP420 2017
090 0 4 _aPQ2637.A274
_bP420 2017
100 1 _aSaint-Exupéry, Antoine de
245 1 0 _aLe Petit prince= (Küçük prens)= الأمير الصغير
_h[electronic resource] /
_cAntoine de Saint-Exupéry ; Arapça çeviri ve etkinlikler Mehdi Zouaoıjı
250 _a1. Basım
260 _aİstanbul :
_bAkdem Yayınları,
_c2017
300 _a164 p.
650 4 _aDil ve Edebiyat
650 4 _aLanguage and Literature
650 0 _aArapça
_x Dil eğitimi
650 0 _aArabic
_x language Grammar
650 0 _aÇocuk hikayeleri, Arapça
650 0 _aChildren's literature, Arabic stories
650 7 _aLANGUAGE ARTS & DISCIPLINES / Reading Skills
_2bisacsh
700 1 _aZouaoıjı, Mehdi
856 4 0 _uhttp://search.ebscohost.com/login.aspx?direct=true&scope=site&db=e011xww&AN=2146109
999 _c19795
_d19795